[Event "FSGM April 2013"]
[Site "Budapest HUN"]
[Date "2013.04.06"]
[Round "1.3"]
[White "Bai,Jinshi"]
[Black "Poetsch,H"]
[Result "1/2-1/2"]
[WhiteElo "2295"]
[BlackElo "2426"]

1.d4 Nf6 2.c4 e6 3.Nc3 Bb4 4.Qc2 O-O 5.Nf3 c5 6.dxc5 Na6 7.c6 bxc6 8.a3 Bxc3+
9.Qxc3 Nc5 10.Qc2 Nce4 11.e3 d5 12.Bd3 Ba6 13.O-O Nc5 14.Be2 dxc4 15.Bxc4 Bxc4
16.Qxc4 Qd5 17.Qxd5 cxd5 18.b4 Na4 19.Bd2 Ne4 20.Rfc1 Nb2 21.Be1 Rfc8 22.Ne5 f6
23.Nc6 Kf7 24.b5 Nd6 25.a4 a6 26.Bb4 Ndc4 27.Bc3 axb5 28.axb5 Na4 29.Bb4 Nab6
30.Na7 Rc7 31.Nc6 Rcc8 32.Kf1 e5 33.Ke2 Ke6 34.Na7 Re8 35.Ra6 Kd7 36.Rca1 Kc7
37.Nc6 Rxa6 38.Rxa6 Nc8 39.Ra8 Kb7 40.Rb8+ Kc7 41.Ra8 Kb7 42.Ra6 Kc7 43.Bc5 N8d6
44.Bxd6+ Nxd6 45.Nb4 Nxb5 46.Nxd5+ Kd7 47.g4 Rb8 48.h4 Nd6 49.h5 h6 50.Ra7+ Rb7
51.Rxb7+ Nxb7 52.e4 Nc5 53.Ke3  1/2-1/2

[Event "23rd ch-SLO 2013"]
[Site "Sentjur SLO"]
[Date "2013.04.09"]
[Round "5.17"]
[White "Kolar,Dr"]
[Black "Titan,M"]
[Result "0-1"]
[WhiteElo "1890"]
[BlackElo "2166"]

1.d4 Nf6 2.c4 e6 3.Nc3 Bb4 4.Qc2 O-O 5.e3 b6 6.Bd2 Bb7 7.f3 c5 8.a3 Bxc3
9.Bxc3 cxd4 10.exd4 d5 11.b3 Nc6 12.Qb2 Re8 13.Kf2 Qc7 14.Re1 Rad8 15.Bd3 dxc4
16.bxc4 e5 17.d5 Na5 18.Bxa5 Qc5+ 19.Kf1 Qxa5 20.Qb4 Qc5 21.Qxc5 bxc5 22.Ne2 Ba6
23.Nc3 Rb8 24.Nb5 Bxb5 25.cxb5 Nxd5 26.Rc1 Rec8 27.Kf2 Nb6 28.Bf5 Rc7 29.Rhd1 g6
30.Bc2 Kf8 31.Re1 f6 32.h4 Nd5 33.Bb3 Nf4 34.Bc4 Rd8 35.Red1 Rxd1 36.Rxd1 Ke7
37.g3 Ne6 38.a4 Nd4 39.Rd2 Rd7 40.Rb2 Rb7 41.a5 Kd6 42.Bd3 f5 43.Bc4 Re7
44.a6 Kc7 45.b6+ axb6 46.a7 Re8 47.Bd5 Nc6 48.Ra2 Ra8 49.Bg8 h6 50.Bf7 g5
51.Be8 Rxa7 52.Re2 Nd4 53.Rxe5 Kd6 54.Re3 Re7 55.f4 Rxe3 56.Kxe3 gxh4  0-1

[Event "FSGM April 2013"]
[Site "Budapest HUN"]
[Date "2013.04.10"]
[Round "5.1"]
[White "Bai,Jinshi"]
[Black "Kosic,D"]
[Result "1/2-1/2"]
[WhiteElo "2295"]
[BlackElo "2512"]

1.d4 Nf6 2.c4 e6 3.Nc3 Bb4 4.Qc2 O-O 5.a3 Bxc3+ 6.Qxc3 d5 7.e3 b6 8.Nf3 a5
9.cxd5 exd5 10.b3 Ne4 11.Qc2 Bb7 12.Bd3 Nd7 13.O-O c5 14.Bb2 Qe7 15.a4 Rfc8
16.Qe2 Nf8 17.dxc5 bxc5 18.Rfd1 Ng6 19.Rac1 Rab8 20.Ne1 Ba8 21.Ba6 Rd8 22.Bb5 h6
23.Nd3  1/2-1/2

[Event "FSGM April 2013"]
[Site "Budapest HUN"]
[Date "2013.04.13"]
[Round "7.3"]
[White "Csonka,B"]
[Black "Kantor,G"]
[Result "1/2-1/2"]
[WhiteElo "2326"]
[BlackElo "2331"]

1.d4 Nf6 2.c4 e6 3.Nc3 Bb4 4.Qc2 O-O 5.a3 Bxc3+ 6.Qxc3 d5 7.Nf3 dxc4 8.Qxc4 b6
9.Bg5 Ba6 10.Qa4 c5 11.dxc5 bxc5 12.Rc1 Qb6 13.Bxf6 gxf6 14.Rc2 Rd8 15.e3 Bxf1
16.Rxf1 Nc6 17.Ke2 Na5 18.b4 cxb4 19.axb4 Qd6 20.Rd2 Qc6 21.Rxd8+ Rxd8 22.Qxc6 Nxc6
23.b5 Ne7 24.Ra1 Rd7 25.Nd4 Kf8 26.g4 Ke8 27.h4 h6 28.Ra6 Nd5 29.Kf3 Rb7
30.Nc6 Rxb5 31.Rxa7 Kf8 32.Nd4 Rb4 33.Ne2 h5 34.gxh5  1/2-1/2

[Event "15th Dubai Open 2013"]
[Site "Dubai UAE"]
[Date "2013.04.13"]
[Round "7.36"]
[White "Saduakassova,D"]
[Black "Narayanan,SL"]
[Result "1/2-1/2"]
[WhiteElo "2336"]
[BlackElo "2418"]

1.d4 Nf6 2.c4 e6 3.Nc3 Bb4 4.Qc2 O-O 5.a3 Bxc3+ 6.Qxc3 Ne4 7.Qc2 f5 8.g3 Nc6
9.Nf3 d6 10.Bg2 e5 11.Be3 a5 12.h4 exd4 13.Nxd4 Nxd4 14.Bxd4 Qe7 15.h5 h6
16.Rh4 Re8 17.O-O-O a4 18.Rd3 c5 19.Be3 Bd7 20.Bf4 Nxf2 21.Rxd6 Bc6 22.Rxc6 bxc6
23.Bxc6 Ne4 24.Rh1 Rad8 25.Bxe8 Qxe8 26.Rd1 Rxd1+ 27.Kxd1 Qxh5 28.Qxa4 Qh1+
29.Kc2 Qh2 30.Qa8+ Kh7 31.Qd5 Qxe2+ 32.Kb1 Qg4 33.a4 h5 34.Bc7 h4 35.gxh4 Qg1+
36.Ka2 Qf2 37.Qf7 Qc2 38.Qxf5+ Kg8 39.Qc8+ Kh7 40.Qf5+ Kg8 41.Qd5+ Kh7 42.Qh5+ Kg8
43.Qe8+ Kh7 44.Qh5+ Kg8 45.Qe8+  1/2-1/2

[Event "4th LUCOPEN 2013"]
[Site "Lille FRA"]
[Date "2013.04.13"]
[Round "1.7"]
[White "Mohammad,Nubairshah Shaikh"]
[Black "Gozzoli,Y"]
[Result "0-1"]
[WhiteElo "2166"]
[BlackElo "2525"]

1.d4 Nf6 2.c4 e6 3.Nc3 Bb4 4.Qc2 O-O 5.e4 d6 6.Bd3 c5 7.e5 dxe5 8.dxe5 Ng4
9.Nf3 Nc6 10.Bf4 Nd4 11.Qd1 f6 12.h3 Nxf3+ 13.Qxf3 Nxf2 14.Bxh7+ Kxh7 15.Qxf2 fxe5
16.Qc2+ Kg8 17.Bxe5 Qg5 18.Qe2 Bd7 19.h4 Qh6 20.g4 Bc6 21.g5 Qh7 22.Rh3 Qf5
23.Re3 Rad8 24.a3 Ba5 25.Bg3 Rd4 26.Rc1 Bf3 27.Qf1 Re4 28.Bf2 Qf4 29.Qg1 Rxe3+
30.Bxe3 Qxc4 31.Rc2 Qxh4+ 32.Qf2 Qh1+ 33.Qg1 Qh4+ 34.Qf2 Qc4 35.Bxc5 Rf5
36.b4 Bc7 37.Be3 Qd3 38.Bd4 Bh5 39.Rd2 Qc4 40.Qg2 Bg3+ 41.Bf2 Re5+  0-1

[Event "4th LUCOPEN 2013"]
[Site "Lille FRA"]
[Date "2013.04.15"]
[Round "3.2"]
[White "Flear,G"]
[Black "Arizmendi Martinez,J"]
[Result "0-1"]
[WhiteElo "2475"]
[BlackElo "2572"]

1.d4 Nf6 2.c4 e6 3.Nc3 Bb4 4.Qc2 O-O 5.a3 Bxc3+ 6.Qxc3 b6 7.Bg5 Bb7 8.e3 d6
9.Ne2 Nbd7 10.Qd3 h6 11.Bh4 e5 12.Nc3 Qe8 13.O-O-O a6 14.Be2 b5 15.cxb5 axb5
16.Qxb5 Rb8 17.Qa4 Ne4 18.Nxe4 Bxe4 19.Bd3 Bxd3 20.Rxd3 Nc5 21.Qc2 Nxd3+
22.Qxd3 Qa4 23.Rd1 Rb3 24.Qc2 Qb5 25.dxe5 Rb8 26.Rd2 Qf1+ 27.Rd1 Qb5 28.Rd2 Qf1+
29.Rd1 Qxg2 30.exd6 cxd6 31.Bg3 Qb7  0-1

[Event "ch-ESP University 2013"]
[Site "Badajoz ESP"]
[Date "2013.04.18"]
[Round "8.7"]
[White "Jimenez Martinez,Jo"]
[Black "Silva Rodriguez,F"]
[Result "0-1"]
[WhiteElo "2244"]
[BlackElo "2175"]

1.d4 Nf6 2.c4 e6 3.Nc3 Bb4 4.Qc2 O-O 5.e4 d6 6.Ne2 e5 7.d5 a5 8.g3 c6 9.Bg2 Nbd7
10.O-O Nc5 11.Bg5 h6 12.Bxf6 Qxf6 13.a3 Bxc3 14.Nxc3 a4 15.Rad1 Bd7 16.dxc6 bxc6
17.Qd2 Nb7 18.Qc2 Nc5 19.Qd2 Nb7 20.c5 Nxc5 21.Qxd6 Qxd6 22.Rxd6 Rfc8 23.f4 f6
24.fxe5 fxe5 25.Rf2 Be8 26.Bh3 Rd8 27.Be6+ Kh7 28.Rxd8 Rxd8 29.Bg4 Bg6 30.Bf5 Rd4
31.Bxg6+ Kxg6 32.Rf5 Nd3 33.g4 Rc4 34.Rf2 Nxb2 35.Rxb2 Rxc3 36.Rb6 Kg5 37.Ra6 Rc4
38.Ra7 Kf4 39.h3 g5 40.Rh7 Kg3 41.Kf1 Kxh3 42.Rxh6+ Kxg4 43.Ke2 Rxe4+ 44.Kd3 Rd4+
45.Ke3 Rc4 46.Kd3 Rf4 47.Rxc6 Kf3 48.Re6 e4+ 49.Kd4 g4  0-1

[Event "ch-LTU 2013"]
[Site "Vilnius LTU"]
[Date "2013.04.20"]
[Round "1.5"]
[White "Stremavicius,T"]
[Black "Kveinys,A"]
[Result "1/2-1/2"]
[WhiteElo "2202"]
[BlackElo "2528"]

1.d4 Nf6 2.c4 e6 3.Nc3 Bb4 4.Qc2 O-O 5.Bg5 c5 6.e3 h6 7.Bh4 d5 8.a3 Bxc3+
9.bxc3 Nbd7 10.Nf3 Qa5 11.Nd2 cxd4 12.cxd4 b6 13.Qb2 dxc4 14.Bxc4 Ba6 15.O-O Bxc4
16.Nxc4 Qd5 17.Nd2 Rfc8 18.f3 Qa5 19.Bf2 Nd5 20.Rfc1 Qa6 21.Ne4 Qd3 22.Rd1 Qc2
23.Qb5 Rc6 24.Rd2 Qc4 25.a4 a6 26.Qb2 f5 27.Ng3 Rac8 28.e4 fxe4 29.fxe4 Nc3
30.d5 exd5 31.exd5 Rg6 32.Rd4  1/2-1/2

[Event "ch-LTU 2013"]
[Site "Vilnius LTU"]
[Date "2013.04.22"]
[Round "4.1"]
[White "Sakalauskas,V"]
[Black "Kveinys,A"]
[Result "0-1"]
[WhiteElo "2402"]
[BlackElo "2528"]

1.d4 Nf6 2.c4 e6 3.Nc3 Bb4 4.Qc2 O-O 5.Nf3 c5 6.dxc5 Na6 7.c6 d5 8.e3 bxc6
9.Bd2 Be7 10.Be2 Nb4 11.Qb1 c5 12.a3 Nc6 13.cxd5 exd5 14.O-O Bb7 15.Rd1 Rc8
16.Qa2 Bd6 17.Be1 Qe7 18.Nxd5 Nxd5 19.Qxd5 Nd4 20.Qc4 Bxf3 21.Bxf3 Qe5 22.Kf1 Qxh2
23.g3 Nxf3 24.Rxd6 Rcd8 25.Qf4 Qh3+ 26.Ke2 Ng1+ 27.Kd2 Qe6 28.Rxd8 Rxd8+
29.Kc2 Qd5 30.Bc3 Ne2 31.Qc7 h5 32.Qe5 Nxc3 33.Qxc3 Qe4+  0-1

[Event "TCh-CZE Extraliga 2012-13"]
[Site "Czech Republic CZE"]
[Date "2013.04.26"]
[Round "9.2"]
[White "Luch,M"]
[Black "Bulski,K"]
[Result "1/2-1/2"]
[WhiteElo "2429"]
[BlackElo "2549"]

1.d4 Nf6 2.c4 e6 3.Nc3 Bb4 4.Qc2 O-O 5.Bg5 h6 6.Bh4 b6 7.a3 Bxc3+ 8.Qxc3 Bb7
9.f3 d5 10.e3 Nbd7 11.cxd5 exd5 12.Bd3 Re8 13.Ne2 c5 14.O-O Qe7 15.Bf2 Rac8
16.Qd2 Nf8 17.Nc3 a6 18.Rfe1 b5 19.dxc5 Qxc5 20.e4 Qc7 21.exd5 Nxd5  1/2-1/2

[Event "48th Capablanca Open I 2013"]
[Site "Havana CUB"]
[Date "2013.04.27"]
[Round "6.29"]
[White "Vega,L"]
[Black "Ochoa de la Rosa,M"]
[Result "0-1"]
[WhiteElo "2362"]
[BlackElo "2231"]

1.c4 Nf6 2.Nc3 e6 3.d4 Bb4 4.Qc2 O-O 5.a3 Bxc3+ 6.Qxc3 b6 7.e3 Bb7 8.Nf3 d5
9.Be2 Nbd7 10.O-O c5 11.b4 Ne4 12.Qb3 cxd4 13.exd4 dxc4 14.Bxc4 Ndf6 15.Bf4 Bd5
16.Rac1 Rc8 17.Bxd5 Qxd5 18.Qd3 Nd6 19.Qa6 Qb7 20.Qxb7 Nxb7 21.Ne5 Nd5 22.Be3 f6
23.Nd3 Nd6 24.Rxc8 Rxc8 25.Rc1 Rc4 26.Kf1 Nxe3+ 27.fxe3 Rxc1+ 28.Nxc1 Nc4
29.Ke2 Nxa3 30.Kd3 Kf7 31.e4 Ke7 32.Ne2 Nb5 33.g4 Nd6 34.Nc3 Kd7 35.b5 Nf7
36.Ke3 Kd6 37.Kd3 e5 38.Ne2 exd4 39.Kxd4 Nd8 40.Kc4 Ke5 41.Kd3 Ne6 42.Ke3 Nc5
43.Nd4 Nxe4 44.Nc6+ Kd5 45.Nxa7 Nd6 46.h4 Kc5 47.Nc6 Nxb5 48.Nd8 Kd5 49.h5 Nd6
50.Kd3 b5 51.Kc2 Ke5 52.Kd3 Kf4 53.Ne6+ Kxg4 54.Nxg7 f5 55.Ne6 Kxh5  0-1

[Event "Maharashtra Chess League 2013"]
[Site "Pune IND"]
[Date "2013.04.27"]
[Round "7"]
[White "Grover,S"]
[Black "Narayanan,Sri"]
[Result "0-1"]
[WhiteElo "2467"]
[BlackElo "2440"]

1.d4 Nf6 2.c4 e6 3.Nc3 Bb4 4.Qc2 O-O 5.Nf3 c5 6.dxc5 Na6 7.g3 Nxc5 8.Bg2 Nce4
9.O-O Nxc3 10.bxc3 Be7 11.e4 d6 12.e5 dxe5 13.Nxe5 Qc7 14.Qe2 Nd7 15.Bf4 Nxe5
16.Bxe5 Bd6 17.Rfe1 Rb8 18.Rad1 Bxe5 19.Qxe5 Qxe5 20.Rxe5 b6 21.c5 f6 22.cxb6 Rxb6
23.Rc5 Ra6 24.Bf1 Ra3 25.Bc4 Kf7 26.Rc7+ Kg6 27.Rb1 Rd8 28.Rb8 Rd1+ 29.Kg2 Bd7
30.Bb3 Rd6 31.Kf1 Bc6 32.Ke2 Ra5 33.Rg8 Bd7 34.c4 Re5+ 35.Kf1 Rd2 36.Rd8 Ree2
37.Bd1 Rxf2+ 38.Ke1 Rxh2 39.Rdxd7 Rdg2 40.Rxg7+ Kf5 41.Rc5+ Ke4 42.Rg4+ Ke3
43.Rf4 Rg1+ 44.Rf1 Rxf1+ 45.Kxf1 Rh1+ 46.Kg2 Rxd1 47.Rc6 e5 48.a4 f5 49.Rc5 Rd2+
50.Kh3 Ke4 51.Rc7 Rd6 52.Rxa7 Kf3 53.Rxh7 e4 54.Rh4 e3 55.Rf4+ Ke2 56.Rxf5 Kd2
57.Re5 e2 58.Kh4 Rd4+ 59.g4 Rxc4 60.a5 Ra4 61.Rd5+ Ke3  0-1

[Event "TCh-CZE Extraliga 2012-13"]
[Site "Czech Republic CZE"]
[Date "2013.04.28"]
[Round "11.2"]
[White "Luch,M"]
[Black "Matlakov,M"]
[Result "0-1"]
[WhiteElo "2429"]
[BlackElo "2673"]

1.d4 Nf6 2.c4 e6 3.Nc3 Bb4 4.Qc2 O-O 5.a3 Bxc3+ 6.Qxc3 d6 7.Bg5 Nbd7 8.e3 b6
9.Be2 Bb7 10.Bf3 Qc8 11.Bxf6 Nxf6 12.Bxb7 Qxb7 13.Nf3 c5 14.O-O Rfc8 15.Rac1 Rab8
16.Qd3 d5 17.cxd5 exd5 18.dxc5 bxc5 19.Rc2 c4 20.Qd4 Re8 21.Nd2 Re6 22.Rb1 a5
23.b4 Rb6 24.Rcb2 Qc7 25.g3 h5 26.b5 a4 27.e4 Rd8 28.exd5 c3 29.Rc2 Rxd5
30.Qc4 Rc5 31.Qd4 Rd6 32.Qe3 cxd2 33.Rxc5 d1=Q+  0-1

[Event "TCh-SUI 2013"]
[Site "Switzerland SUI"]
[Date "2013.04.28"]
[Round "2.5"]
[White "Pedrini,P"]
[Black "Toth,Be1"]
[Result "1/2-1/2"]
[WhiteElo "1969"]
[BlackElo "2361"]

1.d4 Nf6 2.c4 e6 3.Nc3 Bb4 4.Qc2 O-O 5.a3 Bxc3+ 6.Qxc3 d5 7.e3 Ne4 8.Qc2 c5
9.Nf3 Qa5+ 10.Nd2 cxd4 11.b4 Qc7 12.Nxe4 dxe4 13.exd4 f5 14.Bb2 Nd7 15.Be2 Nf6
16.Rc1 b6 17.Qb3 Bb7 18.O-O Qf7 19.Rfd1 Rac8 20.a4 Rfd8 21.b5 Kh8 22.Ba3 h6
23.Bb4 Rd7 24.a5 Rcd8 25.a6 Ba8 26.c5 Bd5 27.Qa3 Ne8 28.c6 Rc7 29.f3 exf3
30.Bxf3 Bxf3 31.gxf3 Rd5 32.Qd3 Rc8 33.Bc3 Nc7 34.Rb1 Rcd8 35.f4 Qh5 36.Rf1 Qh4
37.Rb2 Qe7 38.Rb3 Qf6 39.Bb2 Kh7 40.Rf2 Qh4 41.Qf1 Qf6 42.Rg2 Rg8 43.Kh1 Qd8
44.Qe2 g6 45.Rgg3 Kg7 46.Rh3 Rh8 47.Rhg3 Kf7 48.Rge3 Qh4 49.Qf1 g5 50.Rf3 g4
51.Rfe3 Qf6 52.Qe2 h5 53.Re5 Rhd8 54.Rbe3 Rxe5 55.dxe5 Qh4 56.Rg3 Rd5 57.Ba3 Qd8
58.Bd6 Nxb5 59.Rd3 Nxd6 60.Rxd5 exd5 61.exd6 Qxd6 62.Qd3 Qxc6 63.Qxf5+ Ke7
64.Qh7+ Kd6 65.Qxa7 d4+ 66.Kg1 Qc1+ 67.Kg2 Qd2+ 68.Kg3 Qe1+ 69.Kg2 Qe2+ 70.Kg3  1/2-1/2

[Event "Llucmajor Open 2013"]
[Site "Llucmajor ESP"]
[Date "2013.04.30"]
[Round "3.4"]
[White "Levin,F"]
[Black "Panelo,M"]
[Result "1/2-1/2"]
[WhiteElo "2507"]
[BlackElo "2429"]

1.d4 Nf6 2.c4 e6 3.Nc3 Bb4 4.Qc2 O-O 5.a3 Bxc3+ 6.Qxc3 d5 7.Nf3 dxc4 8.Qxc4 b6
9.Bg5 Ba6 10.Qa4 c5 11.dxc5 bxc5 12.Rc1 Qb6 13.Bxf6 gxf6 14.Rc2 Nc6 15.e3 Bxf1
16.Rxf1 Rac8 17.Ke2 Rfd8 18.Rfc1 Ne7 19.Kf1 Rc7 20.Qg4+ Kh8 21.Qf4 Kg7 22.h4 Rcd7
23.Kg1 Rd1+ 24.Rxd1 Rxd1+ 25.Kh2 Ng6 26.Qc4 Qb8+ 27.g3 Qb7 28.e4 h5 29.Re2 Qb6
30.Kg2 Qd6 31.Qc2 Ra1 32.Qc3 Qa6 33.Re1 Rxe1 34.Qxe1 Qd3  1/2-1/2

[Event "Zonal 2.4 Absoluto 2013"]
[Site "Manaus BRA"]
[Date "2013.04.30"]
[Round "5.13"]
[White "Farias,Sergio Roberto Alves"]
[Black "Souza Neves,A"]
[Result "1/2-1/2"]
[WhiteElo "2061"]
[BlackElo "2159"]

1.d4 Nf6 2.c4 e6 3.Nc3 Bb4 4.Qc2 O-O 5.Bg5 c5 6.dxc5 Qa5 7.Bd2 Qxc5 8.e3 d6
9.Nf3 e5 10.a3 Bxc3 11.Bxc3 a5 12.Rd1 Qc7 13.Be2 Nbd7 14.O-O a4 15.Rd2 Nc5
16.Bb4 b6 17.Bxc5 bxc5 18.Rfd1 Ra6 19.Ne1 e4 20.f4 h5 21.g3 Ng4 22.Qxe4 Bb7
23.Qd3 Re8 24.Bxg4 hxg4 25.Ng2 Be4 26.Qf1 Rb6 27.f5 Bxg2 28.Qxg2 Rxe3 29.Re2 Qe7
30.Rde1 Rbb3 31.Qf2 Rxe2 32.Rxe2 Qf6 33.Rd2 Rf3 34.Qe2 Kh7 35.Kg2 Kh6 36.h3 Rxf5
37.Qxg4 Kh7 38.Qe4 g6 39.Qd3 Kg7 40.h4 Kh7 41.Qc2 Qe7 42.Re2 Qb7+ 43.Kh2 Qf3
44.Rg2 Qb3 45.Qxb3 axb3 46.Rd2 Rf1 47.Rxd6 Rf2+ 48.Kg1 Rxb2 49.Rb6 Kg7 50.a4 Ra2
51.Rxb3 Rxa4 52.Rc3 Ra2 53.Re3 Rc2 54.Re4 f5 55.Rf4 Kf6 56.Kf1 Ke5 57.Kg1 Re2
58.Rf1 Ke4 59.Rf4+ Ke3 60.h5  1/2-1/2

[Event "Oceania Open zt 2013"]
[Site "Nadi FIJ"]
[Date "2013.05.06"]
[Round "3.3"]
[White "Dale,Ari"]
[Black "Tan,Ju2"]
[Result "1/2-1/2"]
[WhiteElo "2222"]
[BlackElo "2249"]

1.d4 Nf6 2.c4 e6 3.Nc3 Bb4 4.Qc2 O-O 5.a3 Bxc3+ 6.Qxc3 b5 7.cxb5 c6 8.Bg5 cxb5
9.e3 Bb7 10.Nf3 a6 11.Bd3 h6 12.Bh4 Nc6 13.O-O Rc8 14.Qd2 g5 15.Bg3 Na5 16.Qe2 Ne4
17.Rac1 Qe7  1/2-1/2

[Event "Oceania Open zt 2013"]
[Site "Nadi FIJ"]
[Date "2013.05.07"]
[Round "5.2"]
[White "Dale,Ari"]
[Black "Muller,J"]
[Result "1/2-1/2"]
[WhiteElo "2222"]
[BlackElo "2039"]

1.d4 Nf6 2.c4 e6 3.Nc3 Bb4 4.Qc2 O-O 5.a3 Bxc3+ 6.Qxc3 b6 7.Bg5 Ba6 8.e3 d6
9.Ne2 Nbd7 10.Qc2 c5 11.Rd1 cxd4 12.Rxd4 Qc7 13.Nc3 h6 14.Bxf6 Nxf6 15.Qa4 Bb7
16.Nb5 Qc6 17.Rxd6 Qc5 18.Qd1 a6 19.Nc3 Bd5 20.Nxd5 Nxd5 21.Rd7 Qc6 22.Rxd5 exd5
23.cxd5 Qg6 24.Qd3 Qg5 25.g3 Rac8 26.Bg2 Rc1+ 27.Ke2 Rxh1 28.Bxh1 Rc8 29.Bf3 Qe5
30.Kf1 Qxb2 31.Qxa6 Qb1+ 32.Kg2 Rc1 33.h4 Rh1 34.Be2 Rg1+ 35.Kh2 Rh1+ 36.Kg2 Rg1+
37.Kh2 g6 38.Qc8+ Kh7 39.Qc7 Rh1+ 40.Kg2 Rg1+ 41.Kh2 Rh1+ 42.Kg2 Rg1+ 43.Kh2 Rh1+  1/2-1/2

[Event "5th Alexander The Great Open 2013"]
[Site "Porto Carras GRE"]
[Date "2013.05.07"]
[Round "1.3"]
[White "Avagianos,S"]
[Black "Miljkovic,Mir1"]
[Result "1/2-1/2"]
[WhiteElo "2027"]
[BlackElo "2471"]

1.d4 Nf6 2.c4 e6 3.Nc3 Bb4 4.Qc2 O-O 5.Bg5 d5 6.e3 Nbd7 7.cxd5 exd5 8.Bd3 h6
9.Bh4 c5 10.a3 Qa5 11.Ne2 Bxc3+ 12.bxc3 Re8 13.O-O b6 14.dxc5 bxc5 15.Bxf6 Nxf6
16.c4 Ba6 17.Nf4 d4 18.exd4 cxd4 19.c5 Bxd3 20.Nxd3 Ne4 21.Rfe1 Nc3 22.Qb3 Qa6
23.Ne5 Qf6 24.Nd3 Qf5 25.Qc4 Red8 26.Re5 Qf6 27.Rae1 Rac8 28.Nb4 Qg6 29.Nd5 Nxd5
30.Rxd5 Rxd5 31.Qxd5 Qd3 32.g3 Qxa3 33.Re7 Rf8 34.Qxd4 a5 35.Ra7 Qa2 36.Qc3 a4
37.c6 Rc8 38.Qb4 Rxc6 39.Ra8+ Kh7 40.Qe4+ Rg6 41.Ra6 a3  1/2-1/2

[Event "BSG Pinkstertoernooi 2013"]
[Site "Bussum NED"]
[Date "2013.05.18"]
[Round "3.12"]
[White "Wunnink,M"]
[Black "Vereggen,L"]
[Result "0-1"]
[WhiteElo "2248"]
[BlackElo "2068"]

1.d4 Nf6 2.c4 e6 3.Nc3 Bb4 4.Qc2 O-O 5.a3 Bxc3+ 6.Qxc3 b6 7.Bg5 Bb7 8.f3 d5
9.cxd5 exd5 10.e3 Nbd7 11.Bd3 Re8 12.Ne2 h6 13.Bh4 c5 14.O-O Rc8 15.Qd2 Qe7
16.Bf2 Nf8 17.Ng3 Ng6 18.Rae1 c4 19.Bf5 Rcd8 20.Bc2 Qd7 21.Nf5 Bc6 22.Kh1 a5
23.h3 Ne7 24.g4 Qe6 25.Rg1 Nh7 26.Bg3 Nxf5 27.gxf5 Qd7 28.Bf4 Kh8 29.Rg3 f6
30.Reg1 Rg8 31.Kh2 Rde8 32.Qg2 Qf7 33.e4 dxe4 34.fxe4 b5 35.Bd2 b4 36.axb4 axb4
37.Bxb4 Qb7 38.d5 Qxb4 39.dxc6 Qxb2 40.Rxg7 Ng5 41.Rxg8+ Rxg8 42.Kh1 Rg7
43.Qd2 c3 44.Qd3 Qb6 45.Rb1 Qxc6 46.Rb8+ Kh7 47.Rb3 Qc5 48.Rxc3 Nf3  0-1

[Event "Open Hradec Kralove 2013"]
[Site "Hradec Kralove CZE"]
[Date "2013.05.18"]
[Round "5"]
[White "Steiner,Pavel"]
[Black "Chudinovskikh,A"]
[Result "0-1"]
[WhiteElo "1876"]
[BlackElo "2296"]

1.d4 Nf6 2.c4 e6 3.Nc3 Bb4 4.Qc2 O-O 5.e3 d5 6.Bd3 c5 7.Nf3 dxc4 8.Bxc4 a6
9.a3 cxd4 10.Nxd4 Qc7 11.Bd3 Bxc3+ 12.bxc3 e5 13.Nb3 Be6 14.Nd2 Nbd7 15.O-O Rac8
16.Bb2 Nc5 17.Be2 b5 18.Rac1 Rfd8 19.Rfd1 Na4 20.Nb1 g6 21.Rxd8+ Rxd8 22.Rd1 Rxd1+
23.Bxd1 Bf5 24.Qc1 Nxb2 25.Qxb2 Bxb1 26.Qxb1 Qxc3 27.Bb3 Ne4 28.Qd1 Nd2 29.Bc2 Nc4
30.a4 bxa4 31.g3 a3 32.Bb3 Nd2 33.Bd5 e4 34.Kg2 Qd3 35.Ba2 a5 36.g4 Nc4 37.Qa4 Nxe3+
38.Kh3 Qf1+ 39.Kg3 Qg2+ 40.Kf4 Qf3+ 41.Ke5 Nxg4+ 42.Kd6 Qf6+ 43.Kc7 Qe7+
44.Kb6 Qb4+ 45.Qxb4 axb4  0-1

[Event "7th IBC Limburg Open"]
[Site "Limburg NED"]
[Date "2013.05.18"]
[Round "2.3"]
[White "Ringoir,T"]
[Black "Dobrov,V"]
[Result "0-1"]
[WhiteElo "2474"]
[BlackElo "2541"]

1.d4 Nf6 2.c4 e6 3.Nc3 Bb4 4.Qc2 O-O 5.a3 Bxc3+ 6.Qxc3 d6 7.g3 a5 8.Bg2 a4
9.e4 e5 10.d5 Na6 11.f3 Nc5 12.Be3 Nb3 13.Rd1 c5 14.dxc6 bxc6 15.c5 d5 16.Qxe5 Ba6
17.Kf2 Re8 18.Qd6 Qc8 19.Nh3 dxe4 20.fxe4 Ng4+ 21.Kf3 f5 22.Ng5 fxe4+ 23.Nxe4 Qf5+
24.Qf4 Nxe3 25.Kxe3 Qxc5+ 26.Kf3 Rxe4 27.Qxe4 Rf8+ 28.Kg4 Bc8+ 29.Kh4 h6
30.g4 Qf2+ 31.Kh5 Qf7+ 32.Kh4 g5+ 33.Kg3 Qf2+ 34.Kh3 Qh4+  0-1

[Event "27th Metropolitan GM"]
[Site "Los Angeles USA"]
[Date "2013.05.19"]
[Round "10"]
[White "Remlinger,L"]
[Black "Amanov,Z"]
[Result "1-0"]
[WhiteElo "2308"]
[BlackElo "2375"]

1.d4 Nf6 2.c4 e6 3.Nc3 Bb4 4.Qc2 O-O 5.a3 Bxc3+ 6.Qxc3 d5 7.Nf3 dxc4 8.Qxc4 b6
9.Bg5 Ba6 10.Qa4 h6 11.Bh4 Qd7 12.Qc2 Nd5 13.Ne5 Qd6 14.e4 Bxf1 15.Kxf1 Nf4
16.Bg3 Nh5 17.Nf3 Nxg3+ 18.hxg3 Nd7 19.Rd1 c5 20.d5 exd5 21.Rxd5 Qe6 22.Rhh5 Nf6
23.Rhe5 Qc6 24.Rd2 Rfe8 25.Rxe8+ Rxe8 26.e5 Nd7 27.Qf5 Nf8 28.Kg1 Ne6 29.Kh2 Qc7
30.Rd6 b5 31.Qd3 c4 32.Qd5 Qc5 33.Qd2 Rc8 34.Rd5 Qc6 35.Rd6 Qc5 36.Rd5 Qc6
37.Rd6 Qe4 38.Qa5 Qb7 39.Nd4 Nxd4 40.Rxd4 a6 41.Rd6 Ra8 42.f4 Qe4 43.Rxa6 Rxa6
44.Qxa6 Qe2 45.Qc8+ Kh7 46.Qf5+ Kg8 47.Qc8+ Kh7 48.Qf5+ Kg8 49.e6 Qxe6 50.Qxb5 f6
51.a4 g5 52.a5 Qe2 53.Qd5+ Kg7 54.a6 gxf4 55.a7 fxg3+ 56.Kh3 h5 57.Qd7+  1-0

[Event "ch-CZE 2013"]
[Site "Ledec nad Sazavou CZE"]
[Date "2013.05.21"]
[Round "1.5"]
[White "Navara,D"]
[Black "Rausis,I"]
[Result "1-0"]
[WhiteElo "2697"]
[BlackElo "2518"]

1.d4 Nf6 2.c4 e6 3.Nc3 Bb4 4.Qc2 O-O 5.a3 Bxc3+ 6.Qxc3 d5 7.Nf3 dxc4 8.Qxc4 b6
9.Bg5 Ba6 10.Qa4 h6 11.Bh4 c5 12.dxc5 bxc5 13.Rc1 Qb6 14.Bxf6 gxf6 15.Rc2 Rd8
16.e3 Bxf1 17.Rxf1 Nc6 18.Ke2 Na5 19.b4 Qa6+ 20.b5 Qb6 21.Nd2 a6 22.Rb1 f5
23.bxa6 Qxa6+ 24.Qb5 Qd6 25.Qxc5 Qa6+ 26.Qb5 Qd6 27.Rbb2 Qxh2 28.g3 Qh5+
29.Nf3 Kh7 30.Rc5 Qg6 31.Qb4 Qf6 32.Rb1 Rd5 33.Rxd5 exd5 34.Qb5 Qa6 35.Qxa6 Rxa6
36.Rb5 Nc4 37.Rxd5 Rxa3 38.Rxf5 Ra2+ 39.Kd3 Nd6 40.Rf6 Rxf2 41.Ng5+ hxg5
42.Rxf2 Kg6 43.e4 f6 44.Kd4 Nf7 45.Kd5 Ne5 46.Ke6 Ng4 47.Rc2 Ne5 48.Rf2 Ng4
49.Rf3 Kg7 50.Rc3 Kg6 51.Rc2 Ne5 52.Rc8 Ng4 53.Rf8 Kg7 54.Rf7+ Kg6 55.Ke7  1-0

[Event "Gligoric Cup 2013"]
[Site "Banja Koviljaca SRB"]
[Date "2013.05.24"]
[Round "5.5"]
[White "Biljanic,L"]
[Black "Rajkovic,Du"]
[Result "0-1"]
[WhiteElo "2347"]
[BlackElo "2392"]

1.d4 Nf6 2.c4 e6 3.Nc3 Bb4 4.Qc2 O-O 5.a3 Bxc3+ 6.Qxc3 b6 7.Nf3 Bb7 8.g3 d6
9.Bg2 Nbd7 10.O-O Be4 11.b3 Qb8 12.Bh3 c5 13.Nd2 Bc6 14.Bb2 Rd8 15.Rad1 Qb7
16.b4 cxd4 17.Qxd4 Qc7 18.Rfe1 Rac8 19.Rc1 Ne8 20.e4 a5 21.Bg2 Ra8 22.Nf1 axb4
23.axb4 Ra4 24.Qc3 Rda8 25.Ne3 Bb7 26.h4 Ndf6 27.Nc2 e5 28.Bf3 Bc6 29.Qd3 h6
30.Bc3 Qb7 31.b5 Bd7 32.Bd1 Be6 33.Nb4 Ra3 34.Nd5 Nd7 35.Qf1 Nc5 36.Bb4 Ra2
37.Bf3 Bxd5 38.exd5 Qc7 39.Ra1 Nf6 40.Rxa2 Rxa2 41.Ra1 Qa7 42.Rxa2 Qxa2 43.Bxc5 dxc5
44.Qh3 g6 45.d6 Qa1+ 46.Kg2 e4 47.Qc8+ Kg7 48.Be2 Qb2 49.d7 Nxd7 50.Qxd7 Qxe2
51.Qd6 Qf3+ 52.Kf1 Qf6 53.Qc6 e3 54.Qxf6+ Kxf6 55.fxe3 Kf5 56.Ke2 Ke4 57.g4 f6
58.h5 gxh5 59.gxh5 f5  0-1

[Event "Hungarian National Open 2013"]
[Site "Zalakaros HUN"]
[Date "2013.05.24"]
[Round "3"]
[White "Kilgus,G"]
[Black "Horvath,Ad1"]
[Result "1-0"]
[WhiteElo "2418"]
[BlackElo "2528"]

1.d4 Nf6 2.c4 e6 3.Nc3 Bb4 4.Qc2 O-O 5.a3 Bxc3+ 6.Qxc3 b6 7.Nf3 Bb7 8.e3 d6
9.b4 a5 10.Bb2 Nbd7 11.Be2 Ne4 12.Qc2 f5 13.O-O Qe7 14.d5 Ndf6 15.Nd4 exd5
16.f3 Ng5 17.Nxf5 Qe6 18.h4 Nf7 19.cxd5 Bxd5 20.e4 Bb3 21.Nd4 Bxc2 22.Nxe6 c5
23.Nxf8 Kxf8 24.Bc4 Nd7 25.Rfc1 Ba4 26.Bd5 Ra7 27.Bc3 Nfe5 28.bxa5 b5 29.Rcb1 c4
30.Ra2 Nc5 31.Kf2 Nb3 32.Rxb3 Bxb3 33.Rd2 Ba4 34.Ke3 Nd3 35.Rxd3 cxd3 36.Kxd3 Ke8
37.Bc6+ Kf7 38.Kd4 Ke7 39.Bb4 Ke6 40.f4 g6 41.g4 Bd1 42.g5 Be2 43.f5+  1-0

[Event "TCh-SUI 2013"]
[Site "Switzerland SUI"]
[Date "2013.05.26"]
[Round "3.7"]
[White "Pedrini,P"]
[Black "Vuilleumier,A"]
[Result "1/2-1/2"]
[WhiteElo "1985"]
[BlackElo "2324"]

1.d4 Nf6 2.c4 e6 3.Nc3 Bb4 4.Qc2 O-O 5.a3 Bxc3+ 6.Qxc3 b6 7.Nf3 Bb7 8.e3 d6
9.Be2 Nbd7 10.O-O a5 11.b3 Ne4 12.Qc2 f5 13.Bb2 Rf6 14.Rfd1 Rg6 15.d5 Kh8
16.Rac1 Ndf6 17.h3 Rc8 18.Bxf6 Qxf6 19.b4 axb4 20.axb4 Ra8 21.Qb3 Ra7 22.Bf1 h6
23.Be2 Kh7 24.Bf1 Kh8 25.Be2 Kh7 26.Bf1 Kh8 27.Be2 Kh7  1/2-1/2

[Event "e2e4 Sunningdale Open"]
[Site "Ascot ENG"]
[Date "2013.05.27"]
[Round "6"]
[White "Bridge,Neil A"]
[Black "Tozer,Philip A A"]
[Result "0-1"]
[WhiteElo "2075"]
[BlackElo "2165"]

1.d4 e6 2.c4 Nf6 3.Nc3 Bb4 4.Qc2 O-O 5.a3 Bxc3+ 6.Qxc3 d5 7.Nf3 dxc4 8.Qxc4 b6
9.Bg5 Ba6 10.Qc2 h6 11.Bf4 Nbd7 12.Rd1 Nd5 13.Bc1 c5 14.e4 Bxf1 15.Kxf1 N5f6
16.dxc5 bxc5 17.Ne5 Qc7 18.Nc4 Rfd8 19.g3 Nb6 20.Kg2 Rd4 21.Nxb6 Qxb6 22.f3 Rad8
23.Rde1 Qb5 24.Be3 Rd3 25.Re2 c4 26.Rc1 c3 27.bxc3 Rxc3 28.Qa2 Rxa3 29.Qc4 Qxc4
30.Rxc4 Rdd3 31.Kf2 g5 32.Rd4 g4 33.f4 a5 34.Rc4 Rdc3 35.Rd4 Kh7 36.Re1 Ra2+
37.Re2 Rcc2 38.Rxc2 Rxc2+ 39.Kf1 Rxh2 40.Bf2 Rh5 41.e5 Nd5 42.Kg2 f6 43.exf6 Kg6
44.Re4 Kxf6 45.Bd4+ Ke7 46.Be5 Rh3 47.Ra4 Ne3+ 48.Kf2 Nf5 49.Rxa5 Rxg3 50.Ra7+ Ke8
51.Ra8+ Kf7 52.Ra7+ Kg6 53.Ra6 Rf3+ 54.Ke2 Ng3+ 55.Ke1 Kf5 56.Ra5 Ke4 57.Ra4+ Kf5
58.Ra5 Rf1+ 59.Kd2 Ke4 60.Ra4+ Kf3 61.Ra3+ Kg2 62.Ra6 Rf2+ 63.Kd3 Ne2 64.Rxe6 Nxf4+
65.Bxf4 Rxf4 66.Rxh6 g3 67.Ke2 Kg1 68.Re6 g2 69.Ke1 Rh4 70.Rg6 Re4+ 71.Kd2 Kf2
72.Rf6+ Kg3 73.Kd3 Rg4  0-1